00353nam a2200145Ia 4500008004100000020001500041041001200056082001600068100001700084245003700101250000800138260003700146300000800183650001600191221030s9999 xx 000 0 und d a8185749647 aEnglish a105.23bPan aS. K. Pandey 0aThinking In C++cby S. K. Pandey a6th bS.K. Kataria & SonsaDelhic2006 a350 aBE Computer